| 000 | 00698nam a2200205Ii 4500 | ||
|---|---|---|---|
| 003 | JO-AjNU | ||
| 008 | 230605s9999||||xx |||||||||||||| ||und|| | ||
| 040 |
_aJO-AjNU _bara _erda _cJO-AjNU |
||
| 041 | _aara | ||
| 050 | 1 | 4 | _aPJ7711.Q35 1997 |
| 100 | 3 |
_aتأليف قلعجي،قدري, _eauthor _924363 |
|
| 245 | 0 | 0 | _aألف ليلة وليلة (1) |
| 250 | _aط2 | ||
| 264 | 3 | 1 | _aبيروت:شركة المطبوعات للتوزيع والنشر،1997 |
| 300 | _a233ص | ||
| 336 |
_atext _btxt _2rdacontent |
||
| 337 |
_aunmediated _bn _2rdamedia |
||
| 338 |
_avolume _bnc _2rdacarrier |
||
| 650 | 4 |
_a القصص الشعبية - الأساطير - الأدب الشعبي العربي _924364 |
|
| 999 |
_aA8960 _c12528 _d12528 |
||